Estadísticas para Mapa de los estados de Alemania

Haz click aquí para intentar la prueba.

Estadísticas generales

  • Esta prueba ha sido intentada 3.489 veces
  • La puntuación promedio es 8 de 16

Respuestas en el mapa

Las respuestas están codificadas por una escala verde-roja en el mapa de la prueba según el % correcto abajo.
 

Estadísticas de respuestas

Respuesta% Correcto
Berlín
89%
Baviera
74%
Hamburgo
67%
Brandenburgo
64%
Bremen
60%
Renania del Norte-Westfalia
48%
Sarre
46%
Mecklenburgo-Pomerania Occidental
45%
Sajonia
45%
Schleswig-Holstein
44%
Baden-Wurtemberg
41%
Renania-Palatinado
38%
Hesse
35%
Baja Sajonia
34%
Sajonia-Anhalt
33%
Turingia
32%

Distribución de puntuación

Porcentaje por número respondido

Porcentaje de gente con cada puntuación

Historial de tus puntuaciones

No has intentado esta prueba.